000 00328nam a2200133Ia 4500
008 190216s9999||||xx |||||||||||||| ||und||
100 _aKapil. Pn And Sharma.Kd
245 0 _aNumerical Problems In Chemistry
250 _a2nd Ed.
260 _bS Chand & Co
_c1986
300 _a379
650 _aChemistry-Chemistry
942 _cBK
999 _c2740
_d2740